Design and analysis of ecological experiments / (Record no. 3777)
[ view plain ]
| 000 -LEADER | |
|---|---|
| fixed length control field | 00993cam a22002774a 4500 |
| 001 - CONTROL NUMBER | |
| control field | 11942202 |
| 005 - DATE AND TIME OF LATEST TRANSACTION | |
| control field | 20240821083606.0 |
| 008 - FIXED-LENGTH DATA ELEMENTS--GENERAL INFORMATION | |
| fixed length control field | 000315s2001 enka b 001 0 eng |
| 010 ## - LIBRARY OF CONGRESS CONTROL NUMBER | |
| LC control number | 00035647 |
| 020 ## - INTERNATIONAL STANDARD BOOK NUMBER | |
| International Standard Book Number | 0195131878 |
| 040 ## - CATALOGING SOURCE | |
| Original cataloging agency | DLC |
| Transcribing agency | DLC |
| Modifying agency | DLC |
| 042 ## - AUTHENTICATION CODE | |
| Authentication code | pcc |
| 050 00 - LIBRARY OF CONGRESS CALL NUMBER | |
| Classification number | QH541.15.S72 |
| Item number | D47 2001 |
| 245 00 - TITLE STATEMENT | |
| Title | Design and analysis of ecological experiments / |
| Statement of responsibility, etc | Samuel M. Scheiner and Jessica Gurevitch (Eds.) |
| 250 ## - EDITION STATEMENT | |
| Edition statement | 2nd ed. |
| 260 ## - PUBLICATION, DISTRIBUTION, ETC. (IMPRINT) | |
| Place of publication, distribution, etc | Oxford : |
| Name of publisher, distributor, etc | Oxford University Press, |
| Date of publication, distribution, etc | 2001 |
| 300 ## - PHYSICAL DESCRIPTION | |
| Extent | xvi, 415 p. : |
| Other physical details | ill. ; |
| Dimensions | 24 cm. |
| 504 ## - BIBLIOGRAPHY, ETC. NOTE | |
| Bibliography, etc | Includes bibliographical references (p. 371-401). |
| 650 #0 - SUBJECT ADDED ENTRY--TOPICAL TERM | |
| Topical term or geographic name as entry element | Ecology |
| 9 (RLIN) | 1249 |
| Topical term or geographic name as entry element | Experimental design. |
| 9 (RLIN) | 1250 |
| 700 1# - ADDED ENTRY--PERSONAL NAME | |
| Personal name | Scheiner, Samuel M., |
| 9 (RLIN) | 1251 |
| Personal name | Gurevitch, Jessica. |
| 9 (RLIN) | 1252 |
| 856 42 - ELECTRONIC LOCATION AND ACCESS | |
| Materials specified | Publisher description |
| Uniform Resource Identifier | <a href="http://www.loc.gov/catdir/enhancements/fy0610/00035647-d.html">http://www.loc.gov/catdir/enhancements/fy0610/00035647-d.html</a> |
| Materials specified | Table of contents only |
| Uniform Resource Identifier | <a href="http://www.loc.gov/catdir/enhancements/fy0610/00035647-t.html">http://www.loc.gov/catdir/enhancements/fy0610/00035647-t.html</a> |
| 942 ## - ADDED ENTRY ELEMENTS (KOHA) | |
| Source of classification or shelving scheme | Library of Congress Classification |
| Item type | Books |
| Withdrawn status | Lost status | Source of classification or shelving scheme | Damaged status | Not for loan | Collection code | Home library | Current library | Shelving location | Date acquired | Total Checkouts | Full call number | Barcode | Date last seen | Copy number | Price effective from | Koha item type |
|---|---|---|---|---|---|---|---|---|---|---|---|---|---|---|---|---|
| Library of Congress Classification | Not For Loan | Non-fiction | Earth Sciences and Engineering Library Collection | Earth Sciences and Engineering Library Collection | Special Reserve | 02/06/2015 | QH541.15.S72D47 2001 | 1994 | 02/06/2015 | C.1 | 02/06/2015 | Books | ||||
| Library of Congress Classification | Not For Loan | Non-fiction | Earth Sciences and Engineering Library Collection | Earth Sciences and Engineering Library Collection | Special Reserve | 02/06/2015 | QH541.15.S72D47 2001 | 1995 | 02/06/2015 | C.2 | 02/06/2015 | Books | ||||
| Library of Congress Classification | Not For Loan | Non-fiction | Earth Sciences and Engineering Library Collection | Earth Sciences and Engineering Library Collection | Special Reserve | 02/06/2015 | QH541.15.S72D47 2001 | 1996 | 02/06/2015 | C.3 | 02/06/2015 | Books | ||||
| Library of Congress Classification | Not For Loan | Non-fiction | Natural and Mathematical Sciences Library Collection | Natural and Mathematical Sciences Library Collection | Special Reserve | 02/07/2021 | QH541.15.S72 D47 2001 | 18427390 | 02/07/2021 | C.4 | 02/07/2021 | Books |